Vendor of sweets (Record no. 4272)
[ view plain ]
| 000 -LEADER | |
|---|---|
| fixed length control field | 00423cam a2200169ua 4500 |
| 008 - FIXED-LENGTH DATA ELEMENTS--GENERAL INFORMATION | |
| fixed length control field | 120808n ii |||gr||||Z||||||eng |
| 040 ## - CATALOGING SOURCE | |
| Transcribing agency | MAIN |
| 082 ## - DEWEY DECIMAL CLASSIFICATION NUMBER | |
| Classification number | 823.9154 |
| 100 ## - MAIN ENTRY--PERSONAL NAME | |
| Personal name | Narayan, R. K., |
| Relator term | |
| 245 11 - TITLE STATEMENT | |
| Title | Vendor of sweets |
| Statement of responsibility, etc. | by R. K. Narayan. |
| 250 ## - EDITION STATEMENT | |
| Edition statement | 1st. |
| 260 ## - PUBLICATION, DISTRIBUTION, ETC. | |
| Place of publication, distribution, etc. | bareilly: |
| Name of publisher, distributor, etc. | Prakash book depot, |
| Date of publication, distribution, etc. | 1994. |
| 300 ## - PHYSICAL DESCRIPTION | |
| Extent | 34p: |
| Dimensions | 23cm. |
| 700 ## - ADDED ENTRY--PERSONAL NAME | |
| Personal name | Singh, R. A., |
| Relator term | |
| 942 ## - ADDED ENTRY ELEMENTS (KOHA) | |
| Koha item type | Books |
| Withdrawn status | Lost status | Damaged status | Not for loan | Home library | Current library | Shelving location | Date acquired | Total Checkouts | Full call number | Barcode | Date last seen | Copy number | Price effective from | Koha item type |
|---|---|---|---|---|---|---|---|---|---|---|---|---|---|---|
| Central Library, Naharkatiya College | Central Library, Naharkatiya College | General Stacks | 19/09/2020 | 823.9154 | NAR | 7262(A) | 19/09/2020 | 1 | 19/09/2020 | Books |
